000 00714 a2200205 4500
020 _a0192840819
040 _aDLC
_bDLC
082 0 4 _a824.3
100 1 _aBacon, Francis,
245 1 4 _aThe major works
_cFrancis Bacon, Brian Vickers.
246 3 0 _aFrancis Bacon, the major works
260 _aOxford ;
_aNew York :
_bOxford University Press,
_c2002.
300 _al, 813 p. ;
_c20 cm.
490 1 _aOxford world's classics
500 _a"Including New Atlantis and the Essays"--Cover.
700 1 _aVickers, Brian.
830 0 _aOxford world's classics (Oxford University Press)
856 4 2 _3Publisher description
_uhttp://www.loc.gov/catdir/enhancements/fy0614/2002727711-d.html
942 _cBK
_k832.3 VIC
_2ddc
999 _c5038
_d5038